Politico legal India (1986): 5 vols.; V1 -Political Ideologies - Old and News, V2 -Legislatures & Plitics (1980s), V3 -Legislatures & Politics Pre- (1980s), V4 -Supreme court on Politics, V5 - Constitutions & Laws (Record no. 58655)
[ view plain ]
| 000 -LEADER | |
|---|---|
| fixed length control field | 00537nam a2200145Ia 4500 |
| 008 - FIXED-LENGTH DATA ELEMENTS--GENERAL INFORMATION | |
| fixed length control field | 230917s9999||||xx |||||||||||||| ||und|| |
| 040 ## - CATALOGING SOURCE | |
| -- | 159660 |
| Original cataloging agency | VIVEKANANDA LIBRARY |
| 041 ## - Language | |
| -- | English |
| 082 ## - DDC NUMBER | |
| Classification number | 340 S69S |
| 100 ## - MAIN ENTRY--PERSONAL NAME | |
| Personal name | Shiv Lal |
| 245 #0 - TITLE STATEMENT | |
| Title | Politico legal India (1986): 5 vols.; V1 -Political Ideologies - Old and News, V2 -Legislatures & Plitics (1980s), V3 -Legislatures & Politics Pre- (1980s), V4 -Supreme court on Politics, V5 - Constitutions & Laws |
| 260 ## - PUBLICATION, DISTRIBUTION, ETC. (IMPRINT) | |
| Place of publication, distribution, etc | New Delhi |
| Name of publisher, distributor, etc | The Election Archives |
| Date of publication, distribution, etc | 1986 |
| 300 ## - PHYSICAL DESCRIPTION | |
| Pages | vp p. |
| 942 ## - ADDED ENTRY ELEMENTS (KOHA) | |
| Koha item type | Books |
| Withdrawn status | Lost status | Damaged status | Not for loan | Location (home branch) | Sublocation or collection (holding branch) | Date acquired | Koha issues (times borrowed) | Koha full call number | Accession No. | Koha date last seen | Koha item type |
|---|---|---|---|---|---|---|---|---|---|---|---|
| VIVEKANANDA LIBRARY | VIVEKANANDA LIBRARY | 09/08/2010 | 340 S69S | 129264 | 17/09/2023 | Books | |||||
| VIVEKANANDA LIBRARY | VIVEKANANDA LIBRARY | 09/08/2010 | 340 S69S | 129265 | 17/09/2023 | Books | |||||
| VIVEKANANDA LIBRARY | VIVEKANANDA LIBRARY | 09/08/2010 | 340 S69S | 129266 | 17/09/2023 | Books | |||||
| VIVEKANANDA LIBRARY | VIVEKANANDA LIBRARY | 09/08/2010 | 340 S69S | 129267 | 17/09/2023 | Books | |||||
| VIVEKANANDA LIBRARY | VIVEKANANDA LIBRARY | 09/08/2010 | 340 S69S | 129268 | 17/09/2023 | Books |
